00470nam a22001337a 4500008004100000020001500041050003200056245010500088260004400193300002100237440004100258700002000299700001700319140910b xxu||||| |||| 00| 0 eng d a0459473301 aKE1232.A45 C36 (1978 vol 3) aCanadian cases on the Law of Torts: annotated 1978 vol 3. /cedited by Lewis N. Klar and John Barnes aToronto:bThe Carswell Co. Ltd.,c1978. axiv,366p.:c23cm pCanadian Cases on the law of tortv3 aKlar, Lewis N. aBarnes, John